000 00563nam a2200169Ia 4500
008 090711s9999 xx 000 0 und d
082 _b990
100 _aदेशपांडे पांडुरंग
245 _aगोविंद गुण गौरव
260 _c1941
300 _a92
600 _aदेशपांडे पांडुरंग
630 _aगोविंद गुण गौरव
700 _aदेशपांडे पांडुरंग
730 _aगोविंद गुण गौरव
942 _cBOOK
999 _c317639
_d317639